La independencia judicial en el derecho chileno

Saved in:
Bibliografiske detaljer
Hovedforfatter: Bordalí Salamanca, Andrés (Author)
Format: Bog
Sprog:spansk
Udgivet: Santiago Legal Publishing 2010
Udgivelse:1a. ed
Fag:
Tags: Tilføj Tag
Ingen Tags, Vær først til at tagge denne postø!

MARC

LEADER 00000cam a2200000 a 4500
001 UCG8636
003 CL-VaPUC
008 111223e20100700CL |||||||||||||||||spa|d
020 |a 9789562389082 
082 0 4 |a 347.83  |b BOR  |2 21 
100 0 |a Bordalí Salamanca, Andrés  |e author  |9 559739 
245 1 3 |a La independencia judicial en el derecho chileno 
250 |a 1a. ed 
300 |a 124 p 
942 |c BK 
945 |d 20111223 00:00:00  |a dcastane 
260 |a Santiago  |b Legal Publishing  |c 2010 
650 0 |a Poder judicial  |9 254871 
650 0 |a Responsabilidad judicial   |9 374036 
650 7 |a INDEPENDENCIA DEL PODER JUDICIAL  |2 CL-VaPUC  |9 559740 
650 0 |a Corte suprema   |9 370023 
583 |a last modification  |c 20111223 12:06:00  |k Rodrigo Vera 
999 |c 346240  |d 346238 
952 |0 0  |1 0  |4 0  |6 347_830000000000000_BOR_2010  |7 0  |8 A  |9 446858  |a BIBDER  |b BIBDER  |d 2019-11-22  |i 4816226  |l 6  |m 4  |o 347.83 BOR 2010  |p 4816226  |r 2025-03-31  |s 2025-03-25  |w 2019-11-22  |y BK  |k DER